[Event "Victoria Grand Pacific op"]
[Site "Victoria"]
[Date "2023.04.10"]
[Round "6"]
[White "Liu, Zachary Hankun"]
[Black "Wang, Jerry"]
[Result "0-1"]
[WhiteElo "1753"]
[BlackElo "1786"]
[PlyCount "110"]
[EventDate "2023.04.07"]
[EventType "swiss"]
[EventRounds "6"]
[EventCountry "CAN"]
[SourceTitle "CBM 213 Extra"]
[Source "ChessBase"]
[SourceDate "2023.05.31"]
[SourceVersion "1"]
[SourceVersionDate "2023.05.31"]
[SourceQuality "1"]

1. e4 e5 2. Nf3 Nc6 3. Nc3 Nf6 4. d4 exd4 5. Nxd4 Bb4 6. Nxc6 bxc6 7. Bd3 0-0 8. 0-0 Re8 9. Re1 d5 10. exd5 Rxe1+ 11. Qxe1 cxd5 12. Bd2 Bf8 13. Bg5 Be6 14. Ne2 h6 15. Bh4 Qd6 16. Bg3 Qb6 17. b3 Re8 18. Be5 Bg4 19. Bc3 Ne4 20. Bd4 Bc5 21. c3 Bxe2 22. Qxe2 Bxd4 23. cxd4 Qxd4 24. Rd1 Qc5 25. Qf3 Nf6 26. h3 Qb4 27. Qg3 c5 28. Qd6 Qb6 29. Qf4 Qa5 30. a4 Qc3 31. Qf3 Re1+ 32. Rxe1 Qxe1+ 33. Kh2 Qe5+ 34. g3 g6 35. Kg2 Kg7 36. Bb5 Qd4 37. Qe2 Qe4+ 38. Qxe4 Nxe4 39. Bd3 Kf6 40. f4 Ke6 41. Bc2 Nd6 42. Kf3 d4 43. Ke2 Kd5 44. Bd1 c4 45. bxc4+ Kxc4 46. Bc2 Kc3 47. Bd3 Nc4 48. f5 g5 49. Bxc4 Kxc4 50. Kd2 a5 51. g4 Kb4 52. Kd3 Kxa4 53. Kc4 d3 54. Kc3 Ka3 55. f6 d2 0-1

[Event "Victoria Grand Pacific op"]
[Site "Victoria"]
[Date "2023.04.07"]
[Round "1"]
[White "Wang, Jerry"]
[Black "Pham, Bich Ngoc"]
[Result "1/2-1/2"]
[WhiteElo "1786"]
[BlackElo "2238"]
[PlyCount "120"]
[EventDate "2023.04.07"]
[EventType "swiss"]
[EventRounds "6"]
[EventCountry "CAN"]
[SourceTitle "CBM 213 Extra"]
[Source "ChessBase"]
[SourceDate "2023.05.31"]
[SourceVersion "1"]
[SourceVersionDate "2023.05.31"]
[SourceQuality "1"]

1. c4 Nf6 2. Nf3 e6 3. g3 d5 4. cxd5 exd5 5. Bg2 Be7 6. 0-0 0-0 7. d4 Bf5 8. Qb3 b6 9. Ne5 h6 10. Nc3 c6 11. a4 Qc8 12. Bd2 Bh3 13. Rac1 Qe6 14. f3 Bxg2 15. Kxg2 c5 16. f4 Nc6 17. e3 c4 18. Qd1 Bb4 19. Nb5 Rfc8 20. Bxb4 Nxb4 21. Nc3 Nd7 22. Qf3 f6 23. Ng6 Re8 24. Rce1 f5 25. Ne5 Nf6 26. Qe2 a6 27. Ra1 Ra7 28. Ra3 Ng4 29. h3 Nf6 30. Qd2 Qd6 31. Raa1 Kh7 32. Qe2 g6 33. Rh1 Rg7 34. Kh2 Reg8 35. Rhg1 Ne4 36. Nxe4 fxe4 37. g4 g5 38. fxg5 hxg5 39. Kg2 Nd3 40. Rgf1 Qb4 41. Nxd3 cxd3 42. Qf2 Qb3 43. Qf5+ Rg6 44. Qf2 Qc2 45. Rac1 Qxf2+ 46. Rxf2 a5 47. Rc7+ R8g7 48. Rc8 Rb7 49. Rff8 Rgg7 50. Kf2 Rgf7+ 51. Ke1 Rxf8 52. Rxf8 Rc7 53. Rf5 Rc1+ 54. Kd2 Rc2+ 55. Kd1 Re2 56. Rxd5 Rxe3 57. Re5 Re2 58. d5 e3 59. d6 Rd2+ 60. Ke1 Re2+ 1/2-1/2

[Event "Richmond Keres Memorial 46th"]
[Site "Richmond"]
[Date "2022.05.22"]
[Round "3"]
[White "Cardenas, Nicholas"]
[Black "Wang, Jerry"]
[Result "1/2-1/2"]
[WhiteElo "1909"]
[BlackElo "1820"]
[PlyCount "117"]
[EventDate "2022.05.21"]
[EventType "swiss"]
[EventRounds "6"]
[EventCountry "CAN"]
[SourceTitle "CBM 209 Extra"]
[Source "ChessBase"]
[SourceDate "2022.09.30"]
[SourceVersion "1"]
[SourceVersionDate "2022.09.30"]
[SourceQuality "1"]

1. d4 Nf6 2. c4 e6 3. g3 d5 4. Nf3 Be7 5. Bg2 c5 6. cxd5 exd5 7. dxc5 Bxc5 8. 0-0 0-0 9. a3 h6 10. b4 Bb6 11. Bb2 Be6 12. Nc3 Nc6 13. Rc1 Ne4 14. Na4 Bc7 15. Nc5 Nxc5 16. Rxc5 Bd6 17. Rc1 Be7 18. Nd4 Nxd4 19. Bxd4 a5 20. Qb3 axb4 21. axb4 Qd7 22. Qb2 f6 23. b5 Ba3 24. Qb3 Bxc1 25. Rxc1 Rfc8 26. Rd1 Ra5 27. b6 Qa4 28. Qxa4 Rxa4 29. e3 Rac4 30. Kf1 Rc2 31. Ke1 Kf8 32. h3 Ke7 33. e4 Kd6 34. exd5 Bf7 35. Be3 g5 36. g4 Ra2 37. Bd4 Rcc2 38. Kf1 Bg6 39. Kg1 f5 40. gxf5 Bxf5 41. Be3 Ra4 42. Rd4 Rxd4 43. Bxd4 Rc4 44. Bg7 h5 45. Bf8+ Kd7 46. Bh6 g4 47. hxg4 hxg4 48. Be3 Be4 49. Bf1 Rb4 50. Be2 Bxd5 51. Kh2 Kc6 52. Kg3 Be6 53. Bd1 Bc8 54. Be2 Kd5 55. Bd1 Rb1 56. Bc2 Rg1+ 57. Kf4 Ra1 58. Bb3+ Kc6 59. Bc2 1/2-1/2

[Event "U20 2Inspire-ch"]
[Site "Richmond"]
[Date "2018.01.27"]
[Round "3.3"]
[White "Yang, Brian"]
[Black "Wang, Jerry"]
[Result "1/2-1/2"]
[WhiteElo "1496"]
[BlackElo "1546"]
[PlyCount "91"]
[EventDate "2018.01.26"]
[EventType "swiss"]
[EventRounds "5"]
[EventCountry "CAN"]
[SourceTitle "EXT 2022"]
[Source "ChessBase"]
[SourceDate "2021.10.06"]
[SourceVersion "1"]
[SourceVersionDate "2021.10.06"]
[SourceQuality "1"]

1. e4 e5 2. Nf3 Nc6 3. Bc4 Nf6 4. d3 Bc5 5. 0-0 0-0 6. Nbd2 d5 7. exd5 Nxd5 8. Re1 Re8 9. Ne4 Bb6 10. c3 h6 11. a4 a5 12. h3 Nf6 13. Nxf6+ Qxf6 14. d4 e4 15. Nh2 Bf5 16. Be3 Rad8 17. Nf1 Qg6 18. Kh1 Ne5 19. Be2 Be6 20. Qc2 Nc4 21. Bxc4 Bxc4 22. Ng3 Bd3 23. Qb3 Qe6 24. Qxe6 Rxe6 25. Rac1 c6 26. Red1 Bc7 27. Nh5 Be2 28. Nf4 Bxf4 29. Bxf4 Bxd1 30. Rxd1 Re7 31. Re1 f5 32. g4 fxg4 33. hxg4 Re6 34. Be5 Rf8 35. Kg2 Rg6 36. Rxe4 h5 37. f3 hxg4 38. fxg4 Re6 39. Re2 Rf7 40. b4 axb4 41. cxb4 Kf8 42. Bxg7+ Rxg7 43. Rxe6 Rxg4+ 44. Kf3 Rxd4 45. b5 Rxa4 46. bxc6 1/2-1/2

[Event "Langley op"]
[Site "Langley"]
[Date "2017.09.02"]
[Round "1.1"]
[White "Doknjas, John"]
[Black "Wang, Jerry"]
[Result "1-0"]
[WhiteElo "2270"]
[BlackElo "1364"]
[PlyCount "121"]
[EventDate "2017.09.02"]
[EventType "swiss"]
[EventRounds "6"]
[EventCountry "CAN"]
[SourceTitle "EXT 2022"]
[Source "ChessBase"]
[SourceDate "2021.10.06"]
[SourceVersion "1"]
[SourceVersionDate "2021.10.06"]
[SourceQuality "1"]

1. d4 d5 2. c4 c6 3. Nf3 Nf6 4. Qc2 Bg4 5. Ne5 Bh5 6. cxd5 Qxd5 7. e3 e6 8. Nc3 Qd8 9. h3 Nbd7 10. Nxd7 Qxd7 11. Bd3 Be7 12. 0-0 0-0 13. f4 Bg6 14. Bxg6 hxg6 15. Rd1 Rac8 16. e4 Rfd8 17. Be3 b6 18. Qf2 Qb7 19. Qf3 Rc7 20. g4 Qc8 21. g5 Ne8 22. Kg2 Nd6 23. Bf2 Rcd7 24. h4 Kf8 25. h5 gxh5 26. Qxh5 Ke8 27. d5 Rc7 28. e5 Nb7 29. d6 Nxd6 30. Qh8+ Bf8 31. Rxd6 Rxd6 32. exd6 Rd7 33. Rd1 c5 34. Qh3 Rxd6 35. Rxd6 Bxd6 36. Ne4 Qc6 37. Qf3 Kd7 38. Nxd6 Kxd6 39. Be1 f6 40. Qxc6+ Kxc6 41. gxf6 gxf6 42. Bc3 f5 43. Kf3 Kd5 44. Ke3 b5 45. Bf6 a5 46. Bd8 a4 47. Bf6 b4 48. b3 axb3 49. axb3 c4 50. bxc4+ Kxc4 51. Kd2 Kc5 52. Be5 Kc4 53. Kc2 Kc5 54. Kb3 Kc6 55. Kxb4 Kb6 56. Bf6 Kc6 57. Kc4 Kd7 58. Kd4 Kd6 59. Bg5 e5+ 60. fxe5+ Ke6 61. Bf4 1-0

[Event "CAN-ch U12"]
[Site "Windsor"]
[Date "2016.07.06"]
[Round "2.69"]
[White "Asemota, Eghosa"]
[Black "Wang, Jerry"]
[Result "0-1"]
[WhiteElo "782"]
[BlackElo "1014"]
[PlyCount "136"]
[EventDate "2016.07.05"]
[EventType "swiss"]
[EventRounds "7"]
[EventCountry "CAN"]
[SourceTitle "EXT 2022"]
[Source "ChessBase"]
[SourceDate "2021.10.06"]
[SourceVersion "1"]
[SourceVersionDate "2021.10.06"]
[SourceQuality "1"]

1. d4 e5 2. e3 exd4 3. exd4 Nf6 4. Nf3 d5 5. g3 Nc6 6. Bg5 h6 7. Bxf6 Qxf6 8. Nc3 Bb4 9. Bg2 Bxc3+ 10. bxc3 Bg4 11. 0-0 0-0 12. h3 Bxf3 13. Qxf3 Qxf3 14. Bxf3 Rad8 15. Rab1 b6 16. c4 Nxd4 17. Bxd5 Nxc2 18. Rbc1 Nb4 19. Rfd1 Nxa2 20. Rc2 Nb4 21. Rcd2 Nxd5 22. Rxd5 Rxd5 23. Rxd5 a5 24. Kf1 f6 25. Rd7 Rc8 26. Ke1 Kh7 27. Kd2 h5 28. h4 Kh6 29. Rd4 g5 30. hxg5+ Kxg5 31. Kc3 Re8 32. c5 b5 33. c6 b4+ 34. Kb3 Re2 35. Rd5+ f5 36. Rxa5 Rxf2 37. Kxb4 Rf3 38. Ra7 Rxg3 39. Rxc7 Re3 40. Rd7 Re8 41. Kb5 Rc8 42. Kb6 f4 43. c7 f3 44. Kb7 Rxc7+ 45. Rxc7 Kg4 46. Rc1 f2 47. Kc6 Kg3 48. Kd5 Kg2 49. Ke5 h4 50. Kf4 h3 51. Kg4 h2 52. Kf4 f1Q+ 53. Rxf1 Kxf1 54. Kg3 Kg1 55. Kf4 h1Q 56. Ke5 Qf3 57. Kd6 Qe4 58. Kd7 Qd4+ 59. Kc7 Qd5 60. Kb8 Qc6 61. Ka7 Qb5 62. Ka8 Kf2 63. Ka7 Ke3 64. Ka8 Kd4 65. Ka7 Kd5 66. Ka8 Kd6 67. Ka7 Kc7 68. Ka8 Qb7# 0-1

[Event "CAN-ch U12"]
[Site "Windsor"]
[Date "2016.07.06"]
[Round "3.59"]
[White "Wang, Jerry"]
[Black "Washimkar, Arhant"]
[Result "1-0"]
[WhiteElo "1014"]
[BlackElo "1569"]
[PlyCount "37"]
[EventDate "2016.07.05"]
[EventType "swiss"]
[EventRounds "7"]
[EventCountry "CAN"]
[SourceTitle "EXT 2022"]
[Source "ChessBase"]
[SourceDate "2021.10.06"]
[SourceVersion "1"]
[SourceVersionDate "2021.10.06"]
[SourceQuality "1"]

1. e4 c5 2. Nf3 g6 3. Bc4 Bg7 4. c3 Nf6 5. e5 Ne4 6. d3 b5 7. Bxb5 Qb6 8. Bc4 Nxf2 9. Kxf2 Bb7 10. Be3 d5 11. Bb3 Nc6 12. Bxd5 Qxb2+ 13. Nbd2 Nxe5 14. Bxb7 Ng4+ 15. Ke2 Rd8 16. Qa4+ Kf8 17. Qxg4 Qxc3 18. Qc4 Qf6 19. Rhf1 1-0